| 000 | 00552nam a2200217Ia 4500 | ||
|---|---|---|---|
| 008 | 220216s9999 xx 000 0 und d | ||
| 100 | _aThomas V | ||
| 245 | 0 | _aDynamic system in the sieve tubes of Hevea brasiliensis | |
| 260 |
_bRubber Science _c2019 |
||
| 300 | _a199-207 | ||
| 650 | _aDynamic system | ||
| 650 | _aHevea brasiliensis | ||
| 650 | _aLinear and chaotic patterns | ||
| 650 | _aSieve tubes | ||
| 650 | _aStarch grains | ||
| 700 | _aGopal G | ||
| 700 | _aPramod S | ||
| 700 | _aRao K.S | ||
| 700 | _aShankar S | ||
| 942 | _cJS | ||
| 999 |
_c57469 _d57469 |
||